Arnie e os seus amigos (Registo nº 4347)
[ vista simples ]
| 000 -Etiqueta do registo | |
|---|---|
| Cabeçalho | 00434nam a2200169 4500 |
| 005 - Identificador da versão | |
| Campo de controlo | 20240813122059.0 |
| 100 ## - Dados gerais de processamento | |
| Dados gerais de processamento | 20110323d c y0pory5003 ba |
| 102 ## - Pais de publicação ou produção | |
| País de publicação | Portugal |
| 101 1# - Língua de publicação | |
| Língua do texto, banda sonora, etc. | Português |
| Língua do documento no original | Francês |
| 200 1# - Titulo e menção de responsabilidade | |
| Título próprio | Arnie e os seus amigos |
| Primeira menção de responsabilidade | Pierre Levie |
| Outras menções de responsabilidade | il. Nadine Forster |
| 210 ## - Publicação, Distribuição, etc. | |
| Lugar da edição, distribuição, etc. | Lisboa |
| Nome do editor, distribuidor, etc. | Plátano Editora |
| 701 #1 - Nome de autor-pessoa física (co-responsabilidade principal) | |
| Palavra de ordem | Forster |
| Outra parte do nome não tomada para palavra de ordem | Nadine |
| Código de função | Ilustrador / Técnico de desenho computorizado |
| 700 #1 - Nome de autor-pessoa física (responsabilidade principal) | |
| Número de registo de entrada de autoridade | 0001135 |
| Palavra de ordem | Levie |
| Outra parte do nome não tomada para palavra de ordem | Pierre |
| 942 ## - Elementos de entrada adicionados (Koha) | |
| Tipo de item no Koha | Livro |
| Situação do levantamento | Origin of item (home branch) (coded) | Biblioteca de empréstimo | Código de barras | Cota | Circulation type (not for loan) | Tipo de documento | Nota do exemplar | Damaged status |
|---|---|---|---|---|---|---|---|---|
| Biblioteca Escolar das Vendas | Biblioteca Escolar das Vendas | BEV106 | 8EST LEV | Livro | Sem mensagem |
